Statistics for Dutch Eredivise Teams Quiz

Click here to take the quiz!

General Stats

  • This quiz has been taken 29 times
  • The average score is 9 of 18

Answer Stats

Team % Correct
PSV Eindhoven
100%
Ajax
96%
Feyenoord
86%
Sparta Rotterdam
71%
FC Twente
71%
Utrecht
68%
Groningen
68%
AZ Alkmaar
64%
Den Haag
54%
Heerenveen
54%
Vitesse
43%
Heracles
39%
Emmen
29%
Waalwijk
21%
Willem II
21%
Fortuna Sittard
14%
Zwole
4%
Vento
0%

Score Distribution

Percentile by Number Answered

Percent of People with Each Score

Your Score History

You have not taken this quiz